000 00510 a2200193 4500
005 20250508163933.0
008 250428b |||||||| |||| 00| 0 eng d
020 _a9781645321934
_cRs. 5495.00
040 _aMAIN
082 _a616.042
_bB219C
100 _aBalwan, Wahied Khawar
245 _aChromosomal aberrations in denetic diseases
260 _bAlexis Press
_c2023
_aNew York
300 _ax, 143
650 _aBiochemistry
650 _aGenetic Diseases
650 _aChromosomal
942 _cBK
999 _c358457
_d358457